Vista normal Vista MARC

Entrada Topical Term

Número de registros utilizados en: 1

001 - CONTROL NUMBER

  • control field: 58813

003 - CONTROL NUMBER IDENTIFIER

  • control field: OSt

005 - DATE AND TIME OF LATEST TRANSACTION

  • control field: 20250226092732.0

008 - FIXED-LENGTH DATA ELEMENTS

  • fixed length control field: 250226|| aca||aabn | a|a d

040 ## - CATALOGING SOURCE

  • Original cataloging agency: OSt
  • Transcribing agency: OSt

150 ## - HEADING--TOPICAL TERM

  • Topical term or geographic name entry element: Falsos positivos (Conflicto armado)
  • Geographic subdivision: Colombia

670 ## - SOURCE DATA FOUND

  • Source citation: Work cat.: (OSt)56971: Mora, Carlos Eduardo 1983- autor 58812, Falsos positivos









Instituto Departamental de Cultura del Meta - Red Departamental de Bibliotecas Públicas del Meta.